| 000 | 00000nam##2200000za#4500 |
| 001 | 9.661772 |
| 003 | CaOODSP |
| 005 | 20210615120224 |
| 007 | ta |
| 008 | 150407|2000||||xxc||||| f|0| 0 fre|d |
| 020 | |a0-662-64896-X |
| 040 | |aCaOODSP|bfre |
| 041 | |aeng |
| 041 | |afre |
| 043 | |an-cn--- |
| 086 | 1 |aSC94-73/2000 |
| 110 | 1 |aCanada.|bCentre canadien de gestion. |
| 245 | 10|aNégociation d'accords de développement du marché du travail / |cpar Herman Bakvis et Peter Aucoin. |
| 260 | |aOttawa - Ontario : |bCentre canadien de gestion |c2000. |
| 300 | |aTexte français, iv, 54p. : |bréférences, tableaux ; |c28 cm. |
| 500 | |aDonnées des catalogage avant publication (Canada) imprimées dans cette publication. |
| 546 | |aBilingue |
| 563 | |aReliure à anneaux |
| 590 | |a02-04|b2002-01-25 |
| 691 | 07|aMarché du travail|2gcpds |
| 691 | 07|aAccord|2gcpds |
| 691 | 07|aNégociation|2gcpds |
| 720 | 1 |aBakvis, Herman |
| 720 | 1 |aAucoin, Peter |
| 776 | 0#|tNégociation d'accords de développement du marché du travail / |w(CaOODSP)9.640015 |
| 776 | 0#|tNegotiating labour market development agreements / |w(CaOODSP)9.695895 |
| 791 | |tNegotiating labour market development agreements / |eeng|w(CaOODSP)9.661771 |